00539 2200193 4500001002100000005001500021035002000036007000300056008004100059020001800100082001000118084001600128100001200144245005900156260005900215300004300274650001200317990001600329INLIS00000000000025620231115092314 a0010-1123000039ta231115 g 0 ind  a979-8059-18-2 a633.3 a633.3 SUM a0 aSumarno1 aAnalisis Kesenjangan Hasil Kedelai di Jawa /cSumarno aBogor :bBalai Penelitian Tanaman Pangan Malang,c1989 axix, 71 hlm, :bilus, ;c15 cm x 23 cm 4aKedelai a00000000277